000 02249nam0a2200433 4500
001 RU\NLR\bibl\1002526
005 20250614224936.0
010 _a5-238-01034-6
_91000
021 _aRU
_b2006-57806
_92859
035 _a(nilc)RSL-KNO-002947325
035 _a(NLR Aleph) 000990226
090 _a514186
_c514186
100 _a20060926d2006 |||y0rusy50 ca
101 0 _arus
102 _aRU
105 _ay |||||||||
106 _ar
200 1 _aЕвразийское пространство: управленческо-правовое обеспечение социальной безопасности
_eмонография
_fЮ. В. Фененко
_gМосковский гос. ин-т междунар. отношений (ун-т) (МИД России), Междунар. ин-т упр.
210 _aМосква
_cЮНИТИ [и др.]
_d2006
_eУльяновск
_gУльяновский Дом печати
215 _a326, [1] с.
_cил., карт., табл.
_d22
320 _aБиблиогр.: с. 224-235 и в подстроч. примеч.
601 0 2 _aЕвразийское экономическое сообщество
_xПравовые вопросы
_92231207
_3RU\NLR\auth\661339183
606 1 _aСоциальная безопасность
_xПравовой аспект
_92274738
_3RU\NLR\auth\661363249
610 0 _aГосударство и право. Юридические науки -- Криминология -- СНГ -- Борьба с преступностью и предупреждение преступлений
610 0 _aсоциальная безопасность
610 0 _aСоциология -- Социальные институты -- Политические институты -- Государство, власть, политика
686 _aХ628.32,0
_2rubbk
686 _aС555.511,0
_2rubbk
686 _aХ062.001
686 _aХ621.159
686 _aХ915.22(2)1
700 1 _aФененко
_bЮ. В.
_gЮрий Вячеславович
_4070
801 0 _aRU
_bРКП
_c20060926
_grcr
801 1 _aRU
_bРГБ
_c20060926
801 2 _aRU
_bNLR
_c20061030
_grcr
830 _aавт. по кн.
942 _cBOOK
980 _aNB